000 00739nam a2200265 i 4500
001 C2-0106266
003 PPAK
005 20180727101852.0
008 970614s1996 my a|||| ||||| | may d
020 _a9676105449
040 _aPPAK
_beng
_cPPAK
_erda
082 0 4 _a899.233
_223
090 0 0 _a899.233
_bAGH
_dK
100 0 _aA. Ghani Abdullah,
_eauthor
245 1 0 _aSiti Zubaidah
264 1 _aKuala Lumpur :
_bUtusan ,
_c1996
300 _a134 pages :
_bcolour illustrations ;
_c22 cm
336 _2rdacontent
_atext
337 _2rdamedia
_aunmediated
338 _2rdacarrier
_avolume
490 1 _aSiri klasik remaja utusan
650 1 0 _aChildren's stories, Malay
830 0 _aSiri klasik remaja utusan
942 _ddc
_cB
999 _c25917
_d25917